Нормален изглед
MARC изглед
- Стомоняков, Борис Спиридонович
Вход 01. Лично име
001 - Контролен номер на записа
- Контролно поле: 493724
003 - Код на организацията, даваща контролен номер
- Контролно поле: BLK
005 - Дата и час на последна промяна на записа
- Контролно поле: 20240726154839.0
008 - Данни с фиксирана дължина – обща информация
- Данни с фиксирана дължина : 240726|| aca||aabn | a|a d
100 ## - ИМЕ НА ЛИЦЕ -ПЪРВИЧНА ИНТЕЛЕКТУАЛНА ОТГОВОРНОСТ
- Лично име: Стомоняков, Борис Спиридонович
- Дати, свързани с автора: 1882-1941
- Друга информация: Български интернационалист, съветски държавен деец
- Пълна форма на името: Стомоняков, Борис Спиридонович
942 ## - Системна служебна употреба
- Koha auth type: PERSO_NAME